| 000 | 01114nam a22003497a 4500 | ||
|---|---|---|---|
| 001 | BR2015003259 | ||
| 003 | BR-BrBNA | ||
| 005 | 20230928104635.0 | ||
| 007 | ta | ||
| 008 | 230509b bl.||||| |||| 00| 0 por d | ||
| 040 |
_aBR-BrBNA _bpor _cBiblioteca Nacional de Agricultura |
||
| 041 | _a52 p. | ||
| 072 |
_aF63 _b7100 _b1160 _b3570 |
||
| 090 | _ 7100 BR2015003259 | ||
| 100 | 1 | _aSilva, C.I. da | |
| 100 | 1 | _aLemos, C.Q. | |
| 100 | 1 | _aRocha, E.E. de M. | |
| 100 | 1 | _aMendonça, K.S. | |
| 100 | 1 | _aPereira, N. de O. | |
| 110 | 1 |
_aFundo Brasileiro para Biodiversidade, Rio de Janeiro, RJ (Brasil) _95188 |
|
| 245 | 1 | _aPlano de manejo para polinização da cultura do cajueiro: conservação e manejo de polinizadores para agricultura sustentável, através de uma abordagem ecossistema | |
| 260 | 3 |
_aRio de Janeiro, RJ (Brasil): _c2014. |
|
| 500 | _aBibliography p. 46-52; 20 illus | ||
| 650 | _aAGRICULTURA SUSTENTÁVEL | ||
| 650 | _aBOTÂNICA | ||
| 650 | _aPOLINIZAÇÃO | ||
| 650 | _aABELHA | ||
| 650 | _aCAJU | ||
| 650 | _aPOLEN | ||
| 909 |
_a202309 _bLucia _c55 _dLucia Elande |
||
| 942 | _cBK | ||
| 999 |
_c80983 _d80983 |
||